000 00495nam a2200181 4500
001 139430
003 ES-MaACL
005 20250717063032.0
007 t|
008 070214s1978 sp r ||||1| spa d
100 1 _aSastre, Alfonso,
_d1926-
_9103915
245 1 0 _aCrítica a la imaginación /
_cAlfonso Sastre.
250 _a1ª. ed.
260 _aBarcelona :
_bGrijalbo,
_c1978.
300 _a392 p. ;
_c19 cm.
852 _aES-MaACL
_jA-8544
_bR.97611
999 _c139430
_d139430